MARC

LEADER 00000nam0a2200000 4500
001 259471
005 20231101233405.0
035 |a (RuTPU)RU\TPU\book\282414 
090 |a 259471 
100 |a 20140508d1983 k y0rusy50 ca 
101 0 |a rus 
102 |a RU 
105 |a a z 001zy 
200 1 |a Примеси переходных металлов в полупроводниках  |f Э. М. Омельяновский, В. И. Фистуль 
210 |a Москва  |c Металлургия  |d 1983 
215 |a 192 с.  |c ил. 
320 |a Библиогр.: с. 185-191. 
606 1 |a Полупроводники  |x Примеси  |x Диффузия  |2 stltpush  |3 (RuTPU)RU\TPU\subj\50588  |9 69241 
610 1 |a переходные металлы 
610 1 |a примеси 
610 1 |a кристаллическая решетка 
610 1 |a энергетические спектры 
610 1 |a теория 
610 1 |a экспериментальные данные 
610 1 |a магнитные явления 
675 |a 537.311.322:539  |v 3 
700 1 |a Омельяновский  |b Э. М.  |g Эразм Михайлович 
701 1 |a Фистуль  |b В. И.  |g Виктор Ильич 
801 1 |a RU  |b 63413507  |c 20140508 
801 2 |a RU  |b 63413507  |c 20200709  |g RCR 
942 |c BK